Construction Products Association (Record no. 119815)

MARC details
000 -LEADER
fixed length control field 00741cam a2200193 4500
001 - CONTROL NUMBER
control field WS114079
008 - FIXED-LENGTH DATA ELEMENTS--GENERAL INFORMATION
fixed length control field 010813n 000 0 eng u
035 ## - SYSTEM CONTROL NUMBER
System control number (Sirsi) u114079
110 ## - MAIN ENTRY--CORPORATE NAME
Corporate name or jurisdiction name as entry element Construction Products Association
9 (RLIN) 4104
245 ## - TITLE STATEMENT
Title Construction Products Association
Remainder of title CPA
Medium [electronic resource]
520 ## - SUMMARY, ETC.
Summary, etc. Website for this organisation which represents the UK's producers and distributors of construction products, components and fittings.
650 ## - SUBJECT ADDED ENTRY--TOPICAL TERM
Topical term or geographic name entry element STATISTICS
650 ## - SUBJECT ADDED ENTRY--TOPICAL TERM
Topical term or geographic name entry element FORECASTS
650 ## - SUBJECT ADDED ENTRY--TOPICAL TERM
Topical term or geographic name entry element TRENDS
650 ## - SUBJECT ADDED ENTRY--TOPICAL TERM
Topical term or geographic name entry element ECONOMICS
690 ## - LOCAL SUBJECT ADDED ENTRY--TOPICAL TERM (OCLC, RLIN)
Topical term or geographic name as entry element BUILT ENVIRONMENT-BUILDING MATERIALS
856 40 - ELECTRONIC LOCATION AND ACCESS
Uniform Resource Identifier <a href="https://www.constructionproducts.org.uk/">https://www.constructionproducts.org.uk/</a>
Public note View the website free of charge at www.constructionproducts.org.uk
942 ## - ADDED ENTRY ELEMENTS (KOHA)
Suppress in OPAC 0
Holdings
Withdrawn status Lost status Source of classification or shelving scheme Damaged status Not for loan Home library Current library Shelving location Date acquired Total Checkouts Full call number Barcode Date last seen Copy number Price effective from Koha item type
    Dewey Decimal Classification     Virtual Virtual Online 13/08/2001   WEB SITE 114079-2001 06/08/2019 1 06/08/2019 Online material